Destin : La Saga Winx : 23 personnages en 7 minutes - Statistiques

Statistiques générales
  • Ce quiz a été pris 356 fois
  • Le résultat moyen est 12 sur 23
Statistiques - réponses
Hint Réponse % Correct
1 Bloom
100%
4 Stella
95%
6 Musa
94%
9 Sky
91%
3 Flora
90%
8 Riven
75%
5 Aisha
70%
2 Terra
68%
7 Béatrix
58%
10 Farah Dowling
46%
17 Rosalind
45%
11 Saul Silva
42%
14 Sam
40%
16 Andreas
36%
13 Dane
35%
15 Luna
33%
18 Sebastian
32%
12 Ben Harvey
31%
23 Grey
26%
20 Vanessa
26%
19 Mike
24%
21 Callum
19%
22 Kat
18%
Aucun quiz correspondant
Distribution des résultats
% des personnes avec chaque résultat
Percentile par nombre de réponses
Votre historique - résultats
Vous n’avez pas pris ce quiz